AUTORIDAD Y FAMILIA Y OTROS ESCRITOS /

Guardado en:
Bibliografiske detaljer
Hovedforfatter: Horkheimer, Max (autor)
Format: Bog
Serier:PAIDOS STUDIO ; 145
Fag:
Tags: Tilføj Tag
Ingen Tags, Vær først til at tagge denne postø!

MARC

LEADER 00000nam^a2200000^a^4500
001 000247389
005 20250521000000.0
009 20260310105609.987
020 |a 84-493-1005-9 
035 |a 071102 
037 |a Acervo Xavier Clavigero 
082 |a 149. 9  |b HOR 
100 |a Horkheimer, Max  |e (autor) 
245 1 0 |a AUTORIDAD Y FAMILIA Y OTROS ESCRITOS /  |c MAX HORKHEIMER 
264 |a BARCELONA :  |b PAIDOS,  |c 2001 
300 |a 238 p. 
336 |a texto  |b txt  |2 rdacontenido 
337 |a sin mediación  |b n  |2 rdamedio 
338 |a volumen  |b nc  |2 rdasoporte 
440 |a PAIDOS STUDIO ;  |v 145 
649 |a XX 
650
650 |a Escuela de Frankfurt 
650 |a Materialismo 
910 |a Fondo General 
920 |a Impresos - Libros 
930 |a Colección General 
905 |a 101 
901 |a 071102  |b IT1  |c ACC  |i 071102  |u 20250521 
902 |a https://opac.biblio.iteso.mx/vufind/Record/000247389